1226 1889 1934 1853 1327 1495 1923 1134 1012 1815 1883 1262 1397 1557 1647 1359 1484 1461 1146 1503 1656 1458 1932 1841 1894 1829 1647 1981 1724 1966 1587 1244 1572 1488 1019 1192 1989 1253 1243 1864 1749 1914 1784 1440 1433 1879 1731 1090 1828 1021 1570 1522 1865 1478 1868 1246 1033 1011 1055 1326 1858 1508 1328 1892 1177 1003 1127 1305 1299 1101 1124 1784 1507 1977 1248 1050 1507 1695 1156 1991 1501 1079 1518 1621 1168 1986 1069 1451 1566 1138 1730 1920 1747 1071 1201 1236 1055 1330 1701 BCNSPRNW ULIB Ver.6.0+V

เปลี่ยนเป็นภาษาไทย

Change to English
 แสดงรายละเอียดบรรณานุกรม
  กลับหน้าหลัก

Brief Record : Get Marc (ISO 2709) : E-mail record : QR code < ปิดหน้าต่าง
LEADER : 00000nam 2200000uu 4500
001    13399126410
003     ULIB
008    020711s2018 th a 000 0 eng d
020    ^a9781118665411
060    ^aWA590^bN684Q
100    ^aNigel Bruce, Daniel Pope, Debbi Stanistreet
245    ^aQuantitative Methods for Health Research: A Practical Interactive Guide to Epidemiology and Statistics
250    ^a2nd ed
260    ^aUSA :^bJohn Wiley&Sons,^c2018
300    ^a545 pages;^b26 cm
650    ^aEpidemiologic Methods
650    ^aBiometry-methods
650    ^aBiomedical Research authors-methods
945    ^p2006^l0^i004635
999    ^aประนอม เกษจรัล
รายการนี้ยังไม่มีแท็ก
คุณยังไม่ได้ล็อกอิน คุณสามารถมีกิจกรรมร่วมกับเว็บไซต์ได้ แต่ต้องล็อกอินก่อน ::
  ล็อกอิน

รายการสื่อสารสนเทศ

ลำดับที่ ประเภท เลขเรียก/บาร์โค้ด สถานที่ สถานะ
1. วิทยาศาสตร์การแพทย์ และสุขภาพ
หนังสือสำรอง
สถานะ=หนังสือสำรอง
WA590 N684Q ฉ.1 
  Barcode: 004635
ห้องสมุดวิทยาเขตสวรรค์ประชารักษ์
►หนังสือทั่วไป
บนชั้น

รายการใกล้เคียง
    ชื่อเรื่อง [Quantitative Methods for Health Research: A Practical Interactive Guide to Epidemiology and Statistics]

    ผู้แต่ง [Nigel Bruce, Daniel Pope, Debbi Stanistreet]

    หัวเรื่อง [Epidemiologic Methods]
    หัวเรื่อง [Biometry-methods]
    หัวเรื่อง [Biomedical Research authors-methods]

BibComment


ยังไม่เคยถูกคอมเมนท์

คอมเมนท์ทรัพยากรรายการนี้
  คอมเมนท์: Quantitative Met..


 Copyright 2026. Bcnsprnw @Library